Novinkou folklórneho festivalu v Zamagurí budú aj bylinkári

Bibliographic Details
Main Author: Kováčiková, Mira (Author, Photographer)
Format: Article
Language:Slovak
PhysicalDescription:Fotogr.
ISSN:1335-7573
Subjects:

MARC

LEADER 00000nab a2200000 ar4500
001 vtls008879653
003 SK-MaSNL
005 20260305032628.0
008 061122c20050617xo dr|n|||||||000 b|slo
015 |a SLLK2005  |2 sllk 
038 |a SLLK 
040 |a SLLK  |b slo  |c sllk  |e AACR2 
041 0 |a slo 
044 |a xo  |c SK 
080 |a 793.31.079  |2 1997 
080 |a 784.4.079  |2 1997 
245 0 0 |a Novinkou folklórneho festivalu v Zamagurí budú aj bylinkári  |c [autor] (kim) ; foto: Mira Kováčiková 
300 |b Fotogr. 
611 2 7 |a Zamagurské folklórne slávnosti  |n (29. :  |d 2005 :  |c Červený Kláštor, Slovensko)  |2 snkbucl  |9 122535 
650 0 7 |a folklórne festivaly  |2 snkbucl  |9 29324 
651 7 |a Červený Kláštor (Slovensko)  |2 snkbucl  |9 22364 
651 7 |a Kežmarok (Slovensko : okres)  |2 snkbucl  |9 51824 
700 1 |a Kováčiková, Mira  |4 pht  |4 aut  |9 9558 
773 0 |t Tatranský denník Korzár  |g Roč. VII, č. 140 (17. 6.2005) s. 3  |x 1335-7573 
852 |a SLLK  |b KIS3GCP 
999 |c 3320913  |d 3322843